[Event "DEM U14 2016"]
[Site "Willingen GER"]
[Date "2016.05.16"]
[Round "3"]
[White "Rauch, Arwid"]
[Black "Meric, Geoffrey"]
[Result "0-1"]
[Termination "normal"]
[Board "23"]
[WhiteElo "1560"]
[BlackElo "1873"]
[PlyCount "78"]
[WhiteFideId "16215923"]
[BlackFideId "26092891"]
[EventCountry "GER"]
[EventRounds "9"]
[EventType "swiss"]
[EventDate "2016.05.14"]

1. e4 e6 2. d4 d5 3. exd5 exd5 4. Bd3 Nc6 5. c3 Bd6 6. Qf3 Nge7 7. Ne2 Be6 8.
Bf4 f6 9. O-O Qd7 10. Bxd6 Qxd6 11. Nd2 O-O-O 12. Nb3 b6 13. Ng3 Qd7 14. h3 f5
15. Rfe1 g5 16. Qe2 Bf7 17. Nh5 Bxh5 18. Qxh5 Rhg8 19. Ba6+ Kb8 20. Bb5 Qd6 21.
Qf7 g4 22. h4 Rg6 23. Bxc6 Nxc6 24. Qxf5 Rf8 25. Qc2 g3 26. f3 Qf4 27. Kf1 Qxh4
28. Ke2 Re6+ 29. Kd3 Rfe8 30. Qd2 Qh5 31. c4 Qf5+ 32. Kc3 dxc4 33. Kxc4 Rxe1
34. Rxe1 Rxe1 35. Qxe1 Qc2+ 36. Kb5 a6+ 37. Ka4 Qc4+ 38. Ka3 b5 39. Nc5 b4+ 0-1